[Event "Open A"]
[Site "Arco di Trento ITA"]
[Date "2008.10.22"]
[Round "5"]
[White "Tomassoni, Leonardo"]
[Black "de Polzer, Manfredi"]
[Result "0-1"]
[WhiteElo "1982"]
[BlackElo "1726"]
[PlyCount "56"]
[EventDate "2008.10.18"]
[Source "www.chesslib.no"]
[SourceDate "2004.05.04"]

1. e4 e6 2. d4 d5 3. Nc3 c5 4. dxc5 d4 5. Nb5 Bxc5 6. Nf3 Nc6 7. c3 e5 8. Bc4 a6 9. Ng5 Nh6 10. Qa4 Bd7 11. Qb3 O-O 12. Na3 Na5 13. Qc2 Bxa3 14. Bd5 Bd6 15. cxd4 Ng4 16. dxe5 Bb4+ 17. Bd2 Rc8 18. Qd1 Qb6 19. O-O Bxd2 20. Qxd2 Nxe5 21. Kh1 Bb5 22. Rfe1 Nac4 23. Qf4 Nd3 24. Qf5 g6 25. Bxf7+ Kh8 26. Qd5 Nxf2+ 27. Kg1 Nh3+ 28. Kh1 Qg1+ 0-1

[Event "Ch Croatia (juniors) (under 17)"]
[Site "Bjelolasica (Croatia)"]
[Date "2007.07.31"]
[Round "2"]
[White "Ruzic Sanjin"]
[Black "Skific Danijel"]
[Result "1/2-1/2"]
[WhiteElo "1938"]
[BlackElo "1750"]
[PlyCount "32"]
[EventDate "2007.??.??"]
[Source "www.chesslib.no"]
[SourceDate "2004.05.04"]

1. e4 e6 2. d4 d5 3. Nc3 c5 4. exd5 exd5 5. dxc5 Nf6 6. Bg5 Bxc5 7. Bb5+ Nc6 8. Qe2+ Be6 9. O-O-O O-O 10. Nf3 Re8 11. Rhe1 Bg4 12. Qd2 Rxe1 13. Rxe1 Bxf3 14. gxf3 d4 15. Bxc6 dxc3 16. Qxd8+ Rxd8 1/2-1/2

[Event "Schloss Schney"]
[Site "?"]
[Date "1997.??.??"]
[Round "5"]
[White "Rettler Heinz"]
[Black "Geissler Roland"]
[Result "1/2-1/2"]
[WhiteElo "2019"]
[BlackElo "1606"]
[PlyCount "72"]
[EventDate "1997.??.??"]
[Source "www.chesslib.no"]
[SourceDate "2004.05.04"]

1. e4 e6 2. d4 d5 3. Nc3 c5 4. Nf3 c4 5. Be2 Bb4 6. e5 Bxc3+ 7. bxc3 Ne7 8. O-O O-O 9. a4 Nbc6 10. Ba3 Bd7 11. Qd2 f5 12. g3 h6 13. Ne1 Be8 14. f4 Bg6 15. Ng2 Qe8 16. Qd1 Kh7 17. h3 Rg8 18. Kh2 Bf7 19. Rg1 g6 20. Ne3 Qd7 21. g4 b6 22. Qe1 Rg7 23. Qh4 Rag8 24. Bd1 Nc8 25. gxf5 gxf5 26. Rxg7+ Rxg7 27. Be2 Qd8 28. Qxd8 Nxd8 29. Bf3 Nc6 30. Nxc4 Nxd4 31. cxd4 dxc4 32. c3 Be8 33. Bc1 b5 34. axb5 Bxb5 35. Ra5 a6 36. Ra1 Nb6 1/2-1/2

[Event "sen.Le Touquet op Senioren"]
[Site "?"]
[Date "2002.??.??"]
[Round "5"]
[White "Vlahovic Dimitri"]
[Black "Beal Guy"]
[Result "0-1"]
[WhiteElo "2017"]
[BlackElo "1590"]
[PlyCount "84"]
[EventDate "2002.??.??"]
[Source "www.chesslib.no"]
[SourceDate "2004.05.04"]

1. e4 e6 2. d4 d5 3. Nc3 c5 4. exd5 exd5 5. dxc5 d4 6. Bb5+ Nc6 7. Qe2+ Be6 8. Ne4 a6 9. Bxc6+ bxc6 10. Nf3 Nf6 11. Nxf6+ gxf6 12. Qe4 Qd5 13. Qxd5 Bxd5 14. b4 Rg8 15. Nxd4 Bxg2 16. Be3 Rg4 17. Kd2 Bh6 18. c3 Bxe3+ 19. Kxe3 Bxh1 20. Rxh1 Kd7 21. Kf3 Rag8 22. Rd1 Kc7 23. Nf5 Rc4 24. Rd3 Rd8 25. Nd6 Kb8 26. Re3 Rh4 27. Kg3 Rh5 28. h4 Rg8+ 29. Kh3 Re5 30. Rf3 Rd5 31. Nc4 Rgd8 32. Rxf6 Rd3+ 33. Ne3 Kb7 34. Rxf7+ R8d7 35. Rf4 Rxc3 36. a4 a5 37. Kg4 Ka6 38. Rf6 Rd4+ 39. Kf5 Rxb4 40. Rxc6+ Kb7 41. Rh6 Rxc5+ 42. Kf6 Rb6+ 0-1

[Event "Buenos Aires ol women"]
[Site "Buenos Aires ARG"]
[Date "1978.??.??"]
[Round "6"]
[White "Thorsteinsdottir, Gudlaug"]
[Black "Fassler, Maria"]
[Result "1/2-1/2"]
[WhiteElo "1800"]
[BlackElo "1800"]
[PlyCount "68"]
[EventDate "1978.10.??"]
[Source "www.chesslib.no"]
[SourceDate "2004.05.04"]

1. e4 e6 2. d4 d5 3. Nc3 c5 4. e5 Nc6 5. Be3 cxd4 6. Bxd4 Bb4 7. f4 Nxd4 8. Qxd4 Ba5 9. Nf3 Ne7 10. Qd2 O-O 11. Be2 Qb6 12. O-O-O Bd7 13. Qd4 Nf5 14. Qxb6 Bxb6 15. g3 Bc6 16. Bb5 Rac8 17. Rd3 a6 18. Bxc6 Rxc6 19. Re1 Ba5 20. g4 Ne7 21. Nd4 Rc4 22. a3 Bxc3 23. bxc3 Rfc8 24. Kb2 R8c7 25. f5 Nc6 26. Re2 Nxd4 27. cxd4 R7c6 28. Rf2 b5 29. c3 Rc8 30. Rdf3 R4c7 31. h4 a5 32. fxe6 fxe6 33. g5 g6 34. Rf1 Rb8 1/2-1/2

[Event "France (championnat jeunes open A)"]
[Site "?"]
[Date "2004.??.??"]
[Round "9.2"]
[White "Pialot Florent"]
[Black "Cardon Pierre"]
[Result "1/2-1/2"]
[WhiteElo "1760"]
[BlackElo "1810"]
[PlyCount "63"]
[EventDate "2004.??.??"]
[Source "www.chesslib.no"]
[SourceDate "2004.05.04"]

1. e4 e6 2. d4 d5 3. Nc3 c5 4. exd5 exd5 5. dxc5 d4 6. Ne4 Nf6 7. Nd6+ Bxd6 8. cxd6 Qxd6 9. Nf3 Nc6 10. c3 Qe7+ 11. Qe2 Qxe2+ 12. Bxe2 dxc3 13. bxc3 O-O 14. O-O Re8 15. Re1 Nd5 16. Bb2 Nf4 17. Bc4 Rxe1+ 18. Rxe1 Be6 19. Bxe6 Nxe6 20. Nd4 Ncxd4 21. cxd4 Rd8 22. g3 h6 23. Rd1 Rd5 24. Rd2 Kf8 25. Kg2 Ke7 26. f4 a5 27. a4 Nc7 28. Bc3 Kd7 29. Kf3 f5 30. Rb2 Kc6 31. Rc2 Kd6 32. Rb2 1/2-1/2

[Event "Bratislava Open"]
[Site "Bratislava SVK"]
[Date "1995.??.??"]
[Round "5"]
[White "Prochaska, Juergen"]
[Black "Dubai, M."]
[Result "1-0"]
[WhiteElo "1940"]
[BlackElo "1630"]
[PlyCount "57"]
[EventDate "1995.??.??"]
[Source "www.chesslib.no"]
[SourceDate "2004.05.04"]

1. e4 e6 2. d4 d5 3. Nc3 c5 4. exd5 exd5 5. Bb5+ Nc6 6. dxc5 d4 7. Nce2 Qa5+ 8. c3 Qxb5 9. cxd4 Nf6 10. Nc3 Qc4 11. Nge2 Bf5 12. O-O O-O-O 13. Be3 Bxc5 14. Rc1 Qa6 15. a3 Kb8 16. b4 Be7 17. b5 Qxa3 18. Ra1 Qd6 19. Bf4 Ne5 20. Bxe5 Qxe5 21. dxe5 Rxd1 22. Rfxd1 Ng4 23. Nd4 Bg6 24. Ra2 Nxe5 25. Nd5 Bc5 26. b6 Rd8 27. bxa7+ Bxa7 28. Nb5 Bb6 29. Ra8+ 1-0

[Event "Corr"]
[Site "?"]
[Date "2000.06.24"]
[Round "?"]
[White "Torre Isidro"]
[Black "MacDonald Jim"]
[Result "1-0"]
[WhiteElo "2085"]
[BlackElo "1432"]
[PlyCount "41"]
[EventDate "2000.??.??"]
[Source "www.chesslib.no"]
[SourceDate "2004.05.04"]

1. e4 e6 2. d4 d5 3. Nc3 c5 4. exd5 exd5 5. dxc5 Bxc5 6. Qxd5 Qe7+ 7. Qe4 Be6 8. Bb5+ Kf8 9. Nge2 Nf6 10. Qa4 Nbd7 11. O-O Nb6 12. Qh4 h6 13. Bg5 Rg8 14. Bxf6 Qxf6 15. Qg3 Rc8 16. Ne4 Qxb2 17. Nxc5 Qxb5 18. Qd6+ Ke8 19. Nxe6 fxe6 20. Qxe6+ Kf8 21. Nf4 1-0

[Event "Bad Woerishofen"]
[Site "?"]
[Date "1999.??.??"]
[Round "7"]
[White "Scheidt Eugen"]
[Black "Winkler Hans"]
[Result "1-0"]
[WhiteElo "1840"]
[BlackElo "1645"]
[PlyCount "55"]
[EventDate "1999.??.??"]
[Source "www.chesslib.no"]
[SourceDate "2004.05.04"]

1. e4 e6 2. d4 d5 3. Nc3 c5 4. exd5 exd5 5. Bb5+ Nc6 6. Nf3 a6 7. Bxc6+ bxc6 8. O-O Be6 9. Re1 Be7 10. dxc5 Nf6 11. Nd4 Qd7 12. Na4 Bd8 13. Bg5 O-O 14. Bxf6 gxf6 15. Nxe6 fxe6 16. Qg4+ Kf7 17. Qh5+ Kg7 18. Re3 Kh8 19. Qh3 f5 20. Rae1 Rf6 21. Rb3 Qf7 22. Qc3 Kg8 23. Nb6 Ra7 24. Nc8 Rd7 25. Nd6 Qg6 26. f4 Rf8 27. Qe5 Rf6 28. Rg3 1-0

[Event "ETC"]
[Site "?"]
[Date "2004.04.04"]
[Round "?"]
[White "Hanison Bernard"]
[Black "Meier Franz"]
[Result "0-1"]
[WhiteElo "1869"]
[BlackElo "1608"]
[PlyCount "60"]
[EventDate "2004.??.??"]
[Source "www.chesslib.no"]
[SourceDate "2004.05.04"]

1. e4 e6 2. d4 d5 3. Nc3 c5 4. exd5 exd5 5. Nf3 c4 6. Be2 Nf6 7. O-O Be7 8. b3 cxb3 9. axb3 O-O 10. Ne5 Nc6 11. Bg5 Bf5 12. Bd3 Nxd4 13. Bxf5 Nxf5 14. Qd3 Qc8 15. Ra4 h6 16. Bf4 Rd8 17. Nf3 d4 18. Nb5 Nd5 19. Bd2 Bc5 20. Re1 a6 21. Re5 g6 22. Nbxd4 Nxd4 23. Rxd4 Bxd4 24. Nxd4 Qg4 25. Re4 Qh5 26. Nf3 Nf6 27. Rd4 Rxd4 28. Qxd4 Qf5 29. Qb6 Rc8 30. Qxb7 Ne4 0-1

[Event "Passau op 7th"]
[Site "?"]
[Date "1999.04.03"]
[Round "4"]
[White "Hatarik Robert"]
[Black "Funk Markus"]
[Result "1-0"]
[WhiteElo "1847"]
[BlackElo "1600"]
[PlyCount "55"]
[EventDate "1999.??.??"]
[Source "www.chesslib.no"]
[SourceDate "2004.05.04"]

1. e4 e6 2. d4 d5 3. Nc3 c5 4. exd5 exd5 5. Nf3 Nf6 6. Bg5 c4 7. Bxf6 gxf6 8. Qe2+ Be6 9. g3 Nc6 10. Bg2 Qd7 11. O-O O-O-O 12. b3 Bb4 13. Nd1 cxb3 14. axb3 Kb8 15. c3 Ba5 16. Qb5 Bb6 17. Ne3 h5 18. Rfd1 Ne7 19. Qb4 Nc6 20. Qa4 Na5 21. Qa2 Rc8 22. Rdc1 Qb5 23. Rab1 Qd7 24. c4 dxc4 25. bxc4 Bg4 26. c5 Bc7 27. Nd2 b6 28. Qxa5 1-0

[Event "L2.1999.0.00002"]
[Site "?"]
[Date "1999.??.??"]
[Round "?"]
[White "Norman Nigel"]
[Black "Mentel Thomas"]
[Result "1/2-1/2"]
[WhiteElo "1725"]
[BlackElo "1700"]
[PlyCount "37"]
[EventDate "1999.??.??"]
[Source "www.chesslib.no"]
[SourceDate "2004.05.04"]

1. e4 e6 2. d4 d5 3. Nc3 c5 4. Nf3 Nf6 5. Bg5 dxe4 6. Nxe4 cxd4 7. Bxf6 gxf6 8. Qxd4 Qxd4 9. Nxd4 Nd7 10. Bb5 Be7 11. O-O-O f5 12. Ng3 a6 13. Be2 Nf6 14. Rhe1 Rg8 15. Bf3 Ng4 16. Bxg4 Rxg4 17. f3 Rg6 18. Re2 Bd7 19. c3 1/2-1/2

[Event "Corr"]
[Site "?"]
[Date "2001.06.02"]
[Round "?"]
[White "Hoefer Hans-Peter"]
[Black "Collins Eric"]
[Result "1-0"]
[WhiteElo "2023"]
[BlackElo "1307"]
[PlyCount "51"]
[EventDate "2001.??.??"]
[Source "www.chesslib.no"]
[SourceDate "2004.05.04"]

1. e4 e6 2. d4 d5 3. Nc3 c5 4. exd5 exd5 5. dxc5 Bxc5 6. Bb5+ Nc6 7. Qxd5 Qxd5 8. Nxd5 Bb6 9. Nxb6 axb6 10. Nf3 Nf6 11. Ne5 Bd7 12. Nxd7 Nxd7 13. Be3 Nc5 14. Bxc6+ bxc6 15. Bxc5 bxc5 16. a4 Kd7 17. Kd2 Ra5 18. b3 Rha8 19. Kc3 Kc7 20. Rhe1 Kb6 21. Re7 R8a7 22. Rae1 h5 23. Kc4 g5 24. h3 h4 25. c3 f6 26. Rxa7 1-0

[Event "Bahn-chS 75"]
[Site "?"]
[Date "2000.09.29"]
[Round "6"]
[White "Mueller Horst"]
[Black "Bielefeld Guenter"]
[Result "1/2-1/2"]
[WhiteElo "1675"]
[BlackElo "1653"]
[PlyCount "76"]
[EventDate "2000.??.??"]
[Source "www.chesslib.no"]
[SourceDate "2004.05.04"]

1. e4 e6 2. d4 d5 3. Nc3 c5 4. exd5 exd5 5. dxc5 Nf6 6. Bg5 Be6 7. Qd4 Nc6 8. Bb5 Be7 9. Nf3 O-O 10. Bxc6 bxc6 11. Ne5 Qc7 12. b4 a5 13. Bf4 axb4 14. Nd3 Qa5 15. Qxb4 Qxb4 16. Nxb4 Bxc5 17. Nd3 Bd4 18. Be5 Bxc3+ 19. Bxc3 Ne4 20. Bb4 Rfc8 21. Nc5 Nxc5 22. Bxc5 Ra4 23. Kd2 Rc4 24. Bb6 Ra8 25. a3 Raa4 26. Rhb1 h5 27. c3 f5 28. Rb4 g5 29. Bd4 Rcxb4 30. cxb4 Kf7 31. Kc3 Bd7 32. Bc5 Bc8 33. h4 Ra8 34. a4 Ba6 35. Re1 Re8 36. Rxe8 Kxe8 37. Kd4 Bf1 38. Ke5 Kf7 1/2-1/2

[Event "Calvi FRA, Youth Ch 2005"]
[Site "?"]
[Date "2005.??.??"]
[Round "1.5"]
[White "Nolot Vivien"]
[Black "Bouveron Boris"]
[Result "1-0"]
[WhiteElo "1880"]
[BlackElo "1360"]
[PlyCount "119"]
[EventDate "2005.??.??"]
[Source "www.chesslib.no"]
[SourceDate "2004.05.04"]

1. e4 e6 2. d4 d5 3. Nc3 c5 4. dxc5 Bxc5 5. Bb5+ Nc6 6. exd5 exd5 7. Qxd5 Qxd5 8. Nxd5 Kd7 9. Bf4 a6 10. O-O-O axb5 11. Nb6+ Ke8 12. Nxa8 Nf6 13. f3 Nh5 14. Nc7+ Ke7 15. Bg5+ f6 16. Bd2 g5 17. g4 Ng7 18. Bc3 b4 19. Be1 Rd8 20. Rxd8 Kxd8 21. Bg3 f5 22. Nd5 f4 23. Be1 Ne6 24. c3 bxc3 25. Bxc3 Ned4 26. h4 Be6 27. Nf6 h6 28. hxg5 hxg5 29. Ne4 Ba7 30. Rh8+ Ke7 31. Nxg5 Bxa2 32. Ra8 Bc4 33. N1h3 Ne2+ 34. Kc2 Be3 35. Ne4 b5 36. b3 Bd5 37. Re8+ Kd7 38. Nf6+ Kd6 39. Nxd5 Kxd5 40. Nxf4+ Bxf4 41. Rxe2 b4 42. Bb2 Kc5 43. Re4 Bd6 44. g5 Ne7 45. Be5 Ng6 46. Bxd6+ Kxd6 47. Kd3 Ne5+ 48. Rxe5 Kxe5 49. f4+ Kf5 50. Kc4 Kxf4 51. g6 Ke3 52. g7 Kd2 53. Kxb4 Kc2 54. Kc4 Kb2 55. b4 Kc2 56. g8=Q Kd2 57. Qg3 Ke2 58. Kd4 Kf1 59. Qh2 Ke1 60. Ke3 1-0

[Event "12sen.DSEM Bad Homburg"]
[Site "?"]
[Date "2000.??.??"]
[Round "2"]
[White "Busic Nedjeljko"]
[Black "Ogorka Walter"]
[Result "1-0"]
[WhiteElo "1981"]
[BlackElo "1236"]
[PlyCount "51"]
[EventDate "2000.??.??"]
[Source "www.chesslib.no"]
[SourceDate "2004.05.04"]

1. e4 e6 2. d4 d5 3. Nc3 c5 4. e5 Nc6 5. Bb5 Bd7 6. Bxc6 Bxc6 7. Nge2 cxd4 8. Nxd4 Bc5 9. O-O Qc7 10. Bf4 Ne7 11. Re1 O-O 12. Qd3 a6 13. a4 Rad8 14. Be3 Rd7 15. Nxe6 fxe6 16. Bxc5 Rfd8 17. Qd4 Nf5 18. Qb4 Qb8 19. Qg4 b6 20. Bd4 Rf7 21. Rad1 Bd7 22. Nxd5 exd5 23. e6 Nxd4 24. exf7+ Kxf7 25. Qxd4 Qd6 26. Qxd5+ 1-0

[Event "Ann Arbor, MI"]
[Site "?"]
[Date "1997.??.??"]
[Round "4.11"]
[White "Foord Allan"]
[Black "Mailing Don"]
[Result "0-1"]
[WhiteElo "1605"]
[BlackElo "1605"]
[PlyCount "66"]
[EventDate "1997.??.??"]
[Source "www.chesslib.no"]
[SourceDate "2004.05.04"]

1. e4 e6 2. d4 d5 3. Nc3 c5 4. dxc5 Bxc5 5. exd5 Nf6 6. dxe6 Qxd1+ 7. Nxd1 Bxe6 8. Bb5+ Bd7 9. Nc3 O-O 10. Bg5 Re8+ 11. Nge2 Bb6 12. Bxf6 gxf6 13. O-O Bxb5 14. Nxb5 Rxe2 15. Rac1 Nc6 16. a3 Rd8 17. b4 Ne5 18. c4 Bd4 19. Rcd1 Nc6 20. Nxd4 Rxd4 21. c5 Rxd1 22. Rxd1 Ra2 23. b5 Na5 24. g3 Rxa3 25. Rc1 Ra4 26. c6 bxc6 27. bxc6 Rc4 28. Rxc4 Nxc4 29. c7 Nb6 30. Kg2 Kf8 31. Kf3 Ke7 32. Kf4 Kd7 33. Kf5 Ke7 0-1

[Event "Forchheim DWZ Open"]
[Site "?"]
[Date "2002.09.22"]
[Round "2"]
[White "Borel Markus"]
[Black "Kirch Florian"]
[Result "1-0"]
[WhiteElo "1729"]
[BlackElo "1404"]
[PlyCount "120"]
[EventDate "2002.??.??"]
[Source "www.chesslib.no"]
[SourceDate "2004.05.04"]

1. e4 e6 2. d4 d5 3. Nc3 c5 4. exd5 exd5 5. dxc5 Nf6 6. Bg5 Bxc5 7. Nf3 Bb4 8. Qd3 h6 9. Bd2 Bxc3 10. Bxc3 O-O 11. O-O-O Be6 12. g3 Nc6 13. Bg2 Ne4 14. Bd4 Qd7 15. Nd2 Rad8 16. f3 Nxd2 17. Rxd2 Bf5 18. Qc3 Rc8 19. Bxg7 d4 20. Bxf8 dxc3 21. Rxd7 Bxd7 22. Bxh6 cxb2+ 23. Kxb2 Nd4 24. c3 Nb5 25. Bd2 Re8 26. Re1 Be6 27. Bh3 Rd8 28. Bg5 Rd3 29. Bxe6 fxe6 30. Re3 Rd2+ 31. Kb3 Rxh2 32. Rxe6 Rf2 33. Re3 Nd6 34. g4 Nf7 35. Bf4 Kf8 36. a3 Rd2 37. Re8+ Kxe8 38. Bxd2 Ne5 39. Be3 a6 40. g5 Nxf3 41. g6 Kf8 42. Bh6+ Kg8 43. Kb4 Ne5 44. Kc5 Nxg6 45. Kb6 Kf7 46. Kxb7 Ke6 47. Kxa6 Kd5 48. Kb5 Ne5 49. a4 Nc4 50. Bf8 Nd6+ 51. Bxd6 Kxd6 52. Kb6 Kd7 53. Kb7 Kd6 54. a5 Kc5 55. a6 Kc4 56. a7 Kxc3 57. a8=Q Kd4 58. Qe8 Kc4 59. Qe5 Kb3 60. Qd4 Kc2 1-0

[Event "Fredrikstad"]
[Site "?"]
[Date "1995.??.??"]
[Round "5"]
[White "Ludvigsen Jan"]
[Black "Tran Si"]
[Result "1-0"]
[WhiteElo "1600"]
[BlackElo "1500"]
[PlyCount "29"]
[EventDate "1995.??.??"]
[Source "www.chesslib.no"]
[SourceDate "2004.05.04"]

1. e4 e6 2. d4 d5 3. Nc3 c5 4. exd5 exd5 5. dxc5 d4 6. Bb5+ Nc6 7. Bxc6+ bxc6 8. Nce2 Bxc5 9. Nf3 Qa5+ 10. Bd2 Qb6 11. O-O Qxb2 12. Re1 Ne7 13. Nexd4 O-O 14. Nb3 Ba3 15. Bc1 1-0

[Event "Kalamazoo, MI"]
[Site "?"]
[Date "2003.08.31"]
[Round "4.10"]
[White "Nelson Peter"]
[Black "Thach Scott"]
[Result "1-0"]
[WhiteElo "1610"]
[BlackElo "1410"]
[PlyCount "89"]
[EventDate "2003.??.??"]
[Source "www.chesslib.no"]
[SourceDate "2004.05.04"]

1. e4 e6 2. d4 d5 3. Nc3 c5 4. exd5 cxd4 5. Bb5+ Bd7 6. Qxd4 Bxb5 7. Nxb5 Qd7 8. Qa4 Na6 9. dxe6 fxe6 10. Nf3 Rc8 11. Ne5 Nc5 12. Nxd7 Nxa4 13. Nxf8 Kxf8 14. b3 Nb6 15. c4 a6 16. Nd6 Rc7 17. Ba3 Ne7 18. O-O Nbc8 19. Rfe1 g6 20. Nxc8 Rxc8 21. Rxe6 Rc7 22. Rae1 Ke8 23. Rxe7+ Rxe7 24. Rxe7+ Kd8 25. Rxb7 Kc8 26. Ra7 Kb8 27. Rxa6 Re8 28. Kf1 Kb7 29. Ra5 Rd8 30. Ke2 Re8+ 31. Kf3 Rf8+ 32. Bxf8 Kc6 33. Ke4 Kb6 34. Bb4 Kc6 35. Rb5 h5 36. Kd4 g5 37. h3 g4 38. hxg4 hxg4 39. g3 Kc7 40. Kd5 Kd8 41. Rb7 Kc8 42. Rh7 Kd8 43. Ke6 Kc8 44. Bd6 Kd8 45. Rh8# 1-0

[Event "Sarpsborg"]
[Site "?"]
[Date "2000.09.08"]
[Round "2"]
[White "Andersen Harry"]
[Black "Grønli Frank"]
[Result "1-0"]
[WhiteElo "1700"]
[BlackElo "1300"]
[PlyCount "55"]
[EventDate "2000.??.??"]
[Source "www.chesslib.no"]
[SourceDate "2004.05.04"]

1. e4 e6 2. d4 d5 3. Nc3 c5 4. Bb5+ Bd7 5. Bxd7+ Qxd7 6. exd5 exd5 7. Qe2+ Be7 8. dxc5 d4 9. Ne4 Qe6 10. Nf3 Nf6 11. Nfg5 Qd5 12. Nxf6+ gxf6 13. Ne4 Qe6 14. O-O O-O 15. Qf3 Nd7 16. Bh6 Ne5 17. Qg3+ Ng6 18. Bxf8 Kxf8 19. Rfe1 Re8 20. Nd6 Bxd6 21. Rxe6 Bxg3 22. Rxe8+ Kxe8 23. hxg3 Kd7 24. Rd1 Ne5 25. Rxd4+ Kc6 26. b4 b5 27. Rd6+ Kc7 28. Rxf6 1-0

[Event "Veranstalter: chessorg"]
[Site "?"]
[Date "2002.03.08"]
[Round "2"]
[White "Oser Thor"]
[Black "Narr Irmgard"]
[Result "1-0"]
[WhiteElo "1703"]
[BlackElo "1290"]
[PlyCount "103"]
[EventDate "2002.??.??"]
[Source "www.chesslib.no"]
[SourceDate "2004.05.04"]

1. e4 e6 2. d4 d5 3. Nc3 c5 4. Nf3 Nf6 5. Bb5+ Bd7 6. Bxd7+ Nbxd7 7. exd5 exd5 8. O-O Be7 9. Re1 O-O 10. Bg5 h6 11. Bh4 Re8 12. dxc5 Nxc5 13. Bxf6 Bxf6 14. Rxe8+ Qxe8 15. Nxd5 Qc6 16. c4 Ne4 17. Qc2 Re8 18. Re1 Ng5 19. Rxe8+ Qxe8 20. Nxf6+ gxf6 21. Kf1 Kg7 22. Qe2 Qc6 23. Nh4 Qc5 24. Qd3 Qc7 25. Nf5+ Kf8 26. h4 Ne6 27. Qd6+ Qxd6 28. Nxd6 b6 29. Ke2 Nf4+ 30. Kf3 Nd3 31. b3 Nc1 32. Nc8 Nxa2 33. Nxa7 Nc3 34. Nc8 b5 35. Nd6 bxc4 36. bxc4 Na4 37. Kf4 Ke7 38. Nf5+ Ke6 39. Nxh6 Nb6 40. c5 Nd5+ 41. Ke4 Ne7 42. g4 Ng6 43. h5 Nh8 44. Nf5 Kd7 45. Kd5 Kc7 46. f4 Kd7 47. c6+ Kc7 48. Kc5 Ng6 49. hxg6 fxg6 50. Nd4 g5 51. fxg5 fxg5 52. Ne6+ 1-0

[Event "Elancourt FRA, Open 2005"]
[Site "?"]
[Date "2005.04.28"]
[Round "7.26"]
[White "Benhamouda Fabrice"]
[Black "Dubos Jean-Luc"]
[Result "1-0"]
[WhiteElo "1520"]
[BlackElo "1430"]
[PlyCount "91"]
[EventDate "2005.??.??"]
[Source "www.chesslib.no"]
[SourceDate "2004.05.04"]

1. e4 e6 2. d4 d5 3. Nc3 c5 4. exd5 exd5 5. Bb5+ Nc6 6. Nf3 Nf6 7. O-O Be6 8. Ne5 Qc7 9. Re1 a6 10. Bxc6+ bxc6 11. dxc5 Bxc5 12. Nd3 Bd6 13. h3 h6 14. Ne2 O-O 15. Bf4 Rfe8 16. Bxd6 Qxd6 17. Nd4 Bd7 18. c3 c5 19. Nf3 Rac8 20. Nde5 Be6 21. Qd2 Ne4 22. Rxe4 f6 23. Nc4 Qe7 24. Rxe6 Qxe6 25. Ne3 Red8 26. Nc2 Qb6 27. b3 a5 28. Rb1 a4 29. Kh2 Rb8 30. b4 Qa6 31. Na3 cxb4 32. cxb4 Qd6+ 33. Kg1 Rb7 34. Nd4 Rdb8 35. Nac2 Re7 36. a3 Qd7 37. Ne3 Rc8 38. b5 Rb8 39. Nc6 Qe6 40. Qxd5 Qxd5 41. Nxd5 Rbb7 42. b6 Re6 43. Na5 Rb8 44. b7 Rd6 45. Ne7+ Kf7 46. Nec6 1-0

[Event "Dos Hermanas"]
[Site "?"]
[Date "2003.03.18"]
[Round "6"]
[White "Ward James"]
[Black "Aragons Domingo"]
[Result "1-0"]
[WhiteElo "1573"]
[BlackElo "1350"]
[PlyCount "37"]
[EventDate "2003.??.??"]
[Source "www.chesslib.no"]
[SourceDate "2004.05.04"]

1. e4 e6 2. d4 d5 3. Nc3 c5 4. exd5 cxd4 5. dxe6 Bxe6 6. Ne4 Nc6 7. Nf3 Nf6 8. Nxf6+ Qxf6 9. Qd3 h6 10. Bd2 Bb4 11. Bxb4 Nxb4 12. Qb5+ Nc6 13. Qxb7 Rc8 14. Bb5 Bd7 15. O-O Qd8 16. Rfe1+ Kf8 17. Bxc6 Bxc6 18. Qb4+ Kg8 19. Nxd4 1-0

[Event "Corr"]
[Site "?"]
[Date "2001.08.12"]
[Round "?"]
[White "Meetze Bill"]
[Black "Myatt John R"]
[Result "1-0"]
[WhiteElo "1382"]
[BlackElo "1538"]
[PlyCount "39"]
[EventDate "2001.??.??"]
[Source "www.chesslib.no"]
[SourceDate "2004.05.04"]

1. e4 e6 2. d4 d5 3. Nc3 c5 4. exd5 exd5 5. dxc5 Nf6 6. Bb5+ Nc6 7. Nf3 Bxc5 8. Be3 Bxe3 9. fxe3 a6 10. Bxc6+ bxc6 11. O-O O-O 12. Qd4 Re8 13. Rae1 Qd6 14. e4 Qc7 15. exd5 c5 16. Rxe8+ Nxe8 17. Qe3 Nd6 18. Ne4 c4 19. Nxd6 Qxd6 20. Qe8+ 1-0

[Event "Essen"]
[Site "?"]
[Date "2005.06.03"]
[Round "3.6"]
[White "Schaefer Michael"]
[Black "Zannoni Rudolf"]
[Result "1/2-1/2"]
[WhiteElo "1673"]
[BlackElo "1232"]
[PlyCount "43"]
[EventDate "2005.??.??"]
[Source "www.chesslib.no"]
[SourceDate "2004.05.04"]

1. e4 e6 2. d4 d5 3. Nc3 c5 4. exd5 exd5 5. dxc5 d4 6. Bb5+ Nc6 7. Bxc6+ bxc6 8. Qf3 dxc3 9. b4 Qf6 10. Bf4 g5 11. Qe4+ Ne7 12. Be5 Qe6 13. Rd1 Nd5 14. Nf3 f6 15. b5 Bb7 16. bxc6 Bxc6 17. Nd4 Qxe5 18. Qxe5+ fxe5 19. Nxc6 Nc7 20. Nxe5 Bxc5 21. O-O Ke7 22. Rd7+ 1/2-1/2

[Event "Corr"]
[Site "?"]
[Date "2002.06.16"]
[Round "?"]
[White "Dunn Carl"]
[Black "Badenhorst Jack D"]
[Result "1-0"]
[WhiteElo "1903"]
[BlackElo "970"]
[PlyCount "43"]
[EventDate "2002.??.??"]
[Source "www.chesslib.no"]
[SourceDate "2004.05.04"]

1. e4 e6 2. d4 d5 3. Nc3 c5 4. exd5 exd5 5. Bb5+ Bd7 6. Qe2+ Be7 7. Nxd5 Nc6 8. Nf3 Qa5+ 9. Bd2 Qd8 10. dxc5 a6 11. Bxc6 Bxc6 12. Nb6 Ra7 13. O-O-O Nf6 14. Bf4 Bd7 15. Rhe1 O-O 16. Nxd7 Nxd7 17. Qxe7 Qxe7 18. Rxe7 Nf6 19. c6 Rb8 20. Bxb8 Ra8 21. Rd8+ Ne8 22. Rexe8# 1-0

[Event "La Patrona op"]
[Site "Los Llanos de Aridane"]
[Date "2001.06.22"]
[Round "3.5"]
[White "Andrades, Francisco"]
[Black "Hernandez, Alberto"]
[Result "1-0"]
[WhiteElo "1577"]
[BlackElo "1260"]
[PlyCount "46"]
[EventDate "2001.06.20"]
[Source "www.chesslib.no"]
[SourceDate "2004.05.04"]

1. e4 e6 2. d4 d5 3. Nc3 c5 4. exd5 exd5 5. Bb5+ Nc6 6. dxc5 d4 7. Qe2+ Be6 8. Bxc6+ bxc6 9. Ne4 Nf6 10. Bg5 Qa5+ 11. Bd2 Qd8 12. Nf3 Nd7 13. Nxd4 Nxc5 14. Nxc5 Bxc5 15. Nxe6 fxe6 16. Qxe6+ Be7 17. O-O-O Qd6 18. Qxd6 Bxd6 19. Bg5 Bc5 20. Rhe1+ Kf8 21. Be3 Be7 22. Bd4 Kf7 23. Kb1 Rab8 1-0

[Event "Bad Salzuflen (08.06.-16.06)"]
[Site "?"]
[Date "2002.06.10"]
[Round "3"]
[White "Schuller Erhard"]
[Black "Ludwig Egbert"]
[Result "1-0"]
[WhiteElo "1613"]
[BlackElo "1177"]
[PlyCount "31"]
[EventDate "2002.??.??"]
[Source "www.chesslib.no"]
[SourceDate "2004.05.04"]

1. e4 e6 2. d4 d5 3. Nc3 c5 4. Bb5+ Bd7 5. exd5 exd5 6. Qe2+ Qe7 7. Bxd7+ Nxd7 8. Nxd5 Qxe2+ 9. Nxe2 Bd6 10. dxc5 Nxc5 11. Bf4 Rc8 12. Bxd6 Ne4 13. Be5 Rxc2 14. Bxg7 Ne7 15. Nxe7 Rg8 16. Nxg8 1-0

[Event "MEX ol U16 Girls"]
[Site "?"]
[Date "2002.07.15"]
[Round "4"]
[White "Pacheco Silvestre Keren"]
[Black "Jimenez Suarez Alejandra"]
[Result "1-0"]
[WhiteElo "1521"]
[BlackElo "1258"]
[PlyCount "97"]
[EventDate "2002.??.??"]
[Source "www.chesslib.no"]
[SourceDate "2004.05.04"]

1. e4 e6 2. d4 d5 3. Nc3 c5 4. Nf3 Nc6 5. e5 Qb6 6. Na4 Qc7 7. Be3 cxd4 8. Bxd4 Nxd4 9. Qxd4 Qxc2 10. Bb5+ Bd7 11. Bxd7+ Kxd7 12. O-O Qc7 13. Rac1 Qa5 14. Nc3 Rc8 15. a3 a6 16. Rfd1 Qc5 17. Qf4 Nh6 18. Na4 Qa5 19. Rxc8 Kxc8 20. Rc1+ Kd7 21. Nd2 b5 22. Nc3 Qb6 23. Qf3 Be7 24. Nb3 Rc8 25. Rd1 Qc7 26. Qg3 g6 27. Qh3 Bf8 28. Nxd5 Qc2 29. Nf6+ Kc7 30. Rc1 Qxc1+ 31. Nxc1 Kb6 32. Nb3 Rd8 33. Qe3+ Kb7 34. g3 Nf5 35. Qe4+ Kb6 36. Nxh7 Be7 37. Nf6 Rc8 38. Nd7+ Kc7 39. Ndc5 Kd8 40. Qd3+ Ke8 41. Qd7+ Kf8 42. Qxc8+ Kg7 43. Qxa6 Bf8 44. Qb7 Be7 45. g4 Nh6 46. Qxe7 Ng8 47. Nxe6+ Kh7 48. Qxf7+ Kh6 49. Qg7# 1-0